[Event "DEM U10 2012"]
[Site "Oberhof GER"]
[Date "2012.06.02"]
[Round "11"]
[White "Giss, Alexander"]
[Black "Kobald, Jacqueline"]
[Result "1/2-1/2"]
[Termination "normal"]
[Board "38"]
[WhiteElo "877"]
[BlackElo "926"]
[PlyCount "182"]
[WhiteFideId "16260414"]
[BlackFideId "12988162"]
[EventCountry "GER"]
[EventRounds "11"]
[EventType "swiss"]
[EventDate "2012.05.26"]

1. e4 e5 2. Nf3 Nc6 3. Bc4 Bc5 4. d3 d6 5. h3 Be6 6. Bb3 Qd7 7. O-O O-O-O 8.
Bxe6 fxe6 9. Nc3 Nf6 10. Bg5 Rdg8 11. Be3 Bb6 12. Bxb6 cxb6 13. d4 Qc7 14. d5
exd5 15. exd5 Ne7 16. Ng5 Re8 17. Ne6 Qd7 18. Qd3 Kb8 19. a4 a6 20. b4 Rc8 21.
b5 a5 22. Ne4 Rhg8 23. Nxf6 gxf6 24. Qxh7 Qe8 25. g3 Nxd5 26. Rfd1 Qxe6 27. Kf1
Rcd8 28. c4 Nc7 29. h4 Rh8 30. Qe4 Rdg8 31. Qe3 Rg6 32. Qxb6 Qxc4+ 33. Ke1 Qe6
34. Qxa5 Kc8 35. Rac1 Rg7 36. Qa8+ Kd7 37. Qxb7 Rc8 38. b6 Kd8 39. Rc6 Ne8 40.
Rxc8+ Qxc8 41. Qxc8+ Kxc8 42. a5 Kb7 43. Kd2 Ka6 44. Kc3 Rb7 45. Kb4 Ng7 46.
Kc4 Ne8 47. Kd5 Re7 48. Kc6 Rb7 49. Rb1 Ng7 50. g4 Ne6 51. h5 Nd8+ 52. Kxd6
Kxa5 53. Rh1 Kxb6 54. h6 Nf7+ 55. Ke6 Nh8 56. Kxf6 Rf7+ 57. Kxe5 Rxf2 58. g5
Kc6 59. Ke4 Kd7 60. g6 Nxg6 61. h7 Nh8 62. Ke3 Rf7 63. Ke4 Ke6 64. Ke3 Ke7 65.
Ke4 Kf8 66. Ke5 Kg7 67. Ke6 Kf8 68. Rh2 Ke8 69. Rh3 Kd8 70. Rd3+ Ke8 71. Rg3
Re7+ 72. Kf6 Rf7+ 73. Ke6 Re7+ 74. Kf6 Rxh7 75. Re3+ Kf8 76. Rd3 Re7 77. Rh3
Rf7+ 78. Ke6 Ng6 79. Rh6 Kg7 80. Rh1 Nf8+ 81. Ke5 Rf6 82. Rg1+ Kf7 83. Rg5 Nd7+
84. Ke4 Ke6 85. Ra5 Ke7 86. Ra7 Re6+ 87. Kd5 Rd6+ 88. Ke4 Ke6 89. Ra1 Rd5 90.
Ra6+ Rd6 91. Rxd6+ Kxd6 1/2-1/2

[Event "DEM U10 2012"]
[Site "Oberhof GER"]
[Date "2012.06.02"]
[Round "11"]
[White "Grey, Andrea"]
[Black "Wastian, Mareike"]
[Result "1/2-1/2"]
[Termination "normal"]
[Board "39"]
[WhiteElo "855"]
[BlackElo "1174"]
[PlyCount "62"]
[WhiteFideId "12971880"]
[BlackFideId "12947423"]
[EventCountry "GER"]
[EventRounds "11"]
[EventType "swiss"]
[EventDate "2012.05.26"]

1. e4 c6 2. d4 d5 3. e5 Bf5 4. Nf3 e6 5. Nc3 Qb6 6. g3 Nd7 7. Bg2 c5 8. dxc5
Bxc5 9. O-O Ne7 10. b3 O-O 11. Bb2 Ng6 12. Na4 Qc7 13. Nxc5 Qxc5 14. Rc1 Qc7
15. Qe2 Be4 16. c4 Qc6 17. Rfe1 Bf5 18. cxd5 Qb6 19. d6 Bg4 20. Qe3 Qa5 21. a4
Bxf3 22. Bxf3 Rfd8 23. Bxb7 Rab8 24. Rc7 Nb6 25. Ba3 Nd7 26. f4 Ngf8 27. Rec1
Nb6 28. R1c5 Nd5 29. Rxa5 Nxe3 30. Kf2 Nf5 31. Rxa7 31... Nd4 {es folgte 32.b5
Sd7 33.Lc6 Sf8 34.Txf7 Sf5 35.Tfc7 Sg6 36.Ld7 Sd4 37.h3 Sf8 38.Lc6 Sf5 39.g4
Sd4 40.Txg7+ Kh8 41.Kg2 Sc2 42.Lc5 Se1+ 43.Kg3 Sd3 44.Le3 Sb4 45.f5 exf5 46.
gxf5 Sxc6 47.bxc6 Tb3 48.Kf4 Td3 49.Ke4 Tc3 50.f6 Txc6 51.d7 Tc2 52.Kf5 Tc6 53.
Ke4 Tc4+ 54.Kd5 Tc3 55.Lb6 h5 56.h4 Tc6 57.Kxc6 Ta8 58.Txa8} 1/2-1/2

[Event "DEM U10 2012"]
[Site "Oberhof GER"]
[Date "2012.06.02"]
[Round "11"]
[White "Pantsernaya, Sofya"]
[Black "Finke, Daniel"]
[Result "1-0"]
[Termination "normal"]
[Board "41"]
[WhiteElo "953"]
[BlackElo "989"]
[PlyCount "109"]
[WhiteFideId "12993182"]
[BlackFideId "16217675"]
[EventCountry "GER"]
[EventRounds "11"]
[EventType "swiss"]
[EventDate "2012.05.26"]

1. e4 e5 2. Nf3 Nc6 3. Bc4 Bc5 4. c3 Nf6 5. d4 exd4 6. cxd4 Bb4+ 7. Nc3 Nxe4 8.
O-O Bxc3 9. d5 Bf6 10. Re1 Ne7 11. Rxe4 d6 12. g4 g6 13. Bh6 Rg8 14. Qe2 Bh8
15. Re1 Be6 16. dxe6 f6 17. b3 c6 18. Re3 Qc7 19. Rc1 O-O-O 20. Qc2 Kb8 21. Bb5
Rc8 22. Rc3 g5 23. Qxh7 Rg6 24. Bd3 f5 25. Nxg5 Bxc3 26. Rxc3 Nd5 27. Qxg6 Nxc3
28. gxf5 Nd5 29. f6 Nf4 30. Qf5 Nxd3 31. Qxd3 d5 32. Qg3 d4 33. Qxc7+ Kxc7 34.
Kf1 Rd8 35. Ke1 d3 36. f7 d2+ 37. Kd1 b5 38. f8=Q Rxf8 39. Bxf8 Kd8 40. e7+ Kd7
41. Kxd2 a5 42. Nh7 a4 43. Nf6+ Ke6 44. e8=Q+ Kxf6 45. Qxc6+ Kf7 46. Bb4 axb3
47. axb3 Kg7 48. Qxb5 Kh8 49. Qd7 Kg8 50. Ba3 Kh8 51. b4 Kg8 52. b5 Kh8 53. b6
Kg8 54. b7 Kh8 55. b8=Q# 1-0

[Event "DEM U10 2012"]
[Site "Oberhof GER"]
[Date "2012.06.02"]
[Round "11"]
[White "Schönweiler, Elisabeth"]
[Black "Silber, Fabian"]
[Result "1/2-1/2"]
[Termination "normal"]
[Board "42"]
[WhiteElo "832"]
[BlackElo "838"]
[PlyCount "47"]
[WhiteFideId "12997005"]
[BlackFideId "12947288"]
[EventCountry "GER"]
[EventRounds "11"]
[EventType "swiss"]
[EventDate "2012.05.26"]

1. e4 e5 2. Nf3 Nc6 3. Bc4 Bc5 4. Nc3 Nf6 5. d3 h6 6. Be3 Bb6 7. Qd2 d6 8. h3
Be6 9. Bb3 Qe7 10. O-O-O O-O-O 11. Rhe1 Rhe8 12. Re2 Ba5 13. Qe1 d5 14. Bd2 d4
15. Nb1 Bxd2+ 16. Nbxd2 b6 17. Ba4 Qd6 18. Nb3 Rf8 19. Nbd2 Bd7 20. Nc4 Qe7 21.
Nfd2 Qb4 22. Bxc6 Bxc6 23. Nf3 Qa4 24. a3 1/2-1/2

[Event "DEM U10 2012"]
[Site "Oberhof GER"]
[Date "2012.06.02"]
[Round "11"]
[White "Hartmann, Jasmin"]
[Black "Leib, Amina"]
[Result "0-1"]
[Termination "normal"]
[Board "43"]
[WhiteElo "832"]
[BlackElo "754"]
[PlyCount "42"]
[WhiteFideId "12988898"]
[BlackFideId "12982970"]
[EventCountry "GER"]
[EventRounds "11"]
[EventType "swiss"]
[EventDate "2012.05.26"]

1. e3 d5 2. b3 Nf6 3. Bb2 Nbd7 4. Nc3 e5 5. Bb5 a6 6. Bxd7+ Bxd7 7. Nce2 Bd6 8.
Nf3 Qe7 9. O-O O-O 10. d4 exd4 11. Bxd4 Ne4 12. Bb2 Qe6 13. Qd4 Qg6 14. Nh4 Qg4
15. Nf3 Qg6 16. Nf4 Bxf4 17. exf4 Bh3 18. Ne1 c6 19. Kh1 Bf5 20. Rg1 Qh6 21. f3
Ng3# 0-1

[Event "DEM U10 2012"]
[Site "Oberhof GER"]
[Date "2012.06.02"]
[Round "11"]
[White "Kurz, Annika"]
[Black "Hasenburg, Juliana"]
[Result "1-0"]
[Termination "normal"]
[Board "44"]
[WhiteElo "881"]
[BlackElo "776"]
[PlyCount "41"]
[EventCountry "GER"]
[EventRounds "11"]
[EventType "swiss"]
[EventDate "2012.05.26"]

1. e4 e5 2. Nf3 Nc6 3. d4 exd4 4. Bc4 Bc5 5. c3 dxc3 6. Qd5 Qe7 7. Nxc3 Nf6 8.
Qg5 Bxf2+ 9. Kxf2 Qc5+ 10. Qxc5 d6 11. Qb5 Ng4+ 12. Kf1 O-O 13. Ng5 Nce5 14.
Bd5 Bd7 15. Qxb7 Rab8 16. Qxc7 Rb4 17. Qxd6 Ra4 18. Nxa4 Bb5+ 19. Ke1 Nd3+ 20.
Kd2 Nge5 21. b3 1-0